Muppet Character Picture Quiz - Statistics

General Stats
  • This quiz has been taken 78 times
  • The average score is 11 of 16
Answer Stats
Picture Answer % Correct
Kermit the Frog
98%
Miss Piggy
98%
Fozzie Bear
90%
Gonzo the Great
88%
Beaker
78%
The Swedish Chef
78%
Rizzo the Rat
75%
Dr. Bunsen Honeydew
69%
Rowlf the Dog
69%
Sam the Eagle
69%
Waldorf
67%
Statler
65%
Scooter
61%
Pepe the King Prawn
57%
Sweetums
49%
Bean Bunny
37%
No matching quizzes found
Score Distribution
Percent of People with Each Score
Percentile by Number Answered
Your Score History
You have not taken this quiz